000 00891nam a22002777a 4500
003 CHAP
005 20220329140346.0
008 971013s1956 r 00010 d
010 _a50886
011 _a51858
035 _a56008
040 _cCHAP
082 _a338.1749
_bV65
100 0 0 _aVon Ohlsen, Edward F.
_9120680
245 _aDistribution of timber out by species and county in New York State
260 _aSyracuse, N.Y. :
_bCollege of Forestry and Syracuse University,
_c1956
300 _a23 p.
_b; mapas
590 _aBATCH-UPD
_b10
_c20130110
_lUCH01
_h0555
590 _aBATCH-UPD
_b10
_c20130410
_lUCH01
_h0237
590 _aBATCH-UPD
_b10
_c20130914
_lUCH01
_h1739
590 _aCONVERSION
_b10
_c20130109
_lUCH01
_h1328
650 1 4 _aMadera en piƩ
_xE.U.A.
_969657
901 _aBK
942 _cLIBRO
949 _a338.1749 V65
_bBC
_cLIBRO
_d-122543
_eLIBRO
_h5840
_i56008
_mD
_si
999 _c50886
_d50886